Welcome to CU Library Online Public Access Catalogue (OPAC)

Banking Strategies Beyond 2000 (Record no. 2847)

MARC details
000 -LEADER
fixed length control field 00493nam a22001697a 4500
005 - DATE AND TIME OF LATEST TRANSACTION
control field 20250122191346.0
008 - FIXED-LENGTH DATA ELEMENTS--GENERAL INFORMATION
fixed length control field 250122b |||||||| |||| 00| 0 eng d
020 ## - INTERNATIONAL STANDARD BOOK NUMBER
International Standard Book Number 9780852975015
050 ## - LIBRARY OF CONGRESS CALL NUMBER
Classification number HG1615 GAN
100 ## - MAIN ENTRY--PERSONAL NAME
Personal name Gandy Anthony
245 ## - TITLE STATEMENT
Title Banking Strategies Beyond 2000
Statement of responsibility, etc. Anthony Gandy
260 ## - PUBLICATION, DISTRIBUTION, ETC.
Place of publication, distribution, etc. Canterbury
Name of publisher, distributor, etc. The Chartered Institute of Bankers
Date of publication, distribution, etc. 1999
300 ## - PHYSICAL DESCRIPTION
Extent 120p.
Other physical details ill.
Dimensions 29.5 cm x 21 cm
500 ## - GENERAL NOTE
General note Includes Index
650 ## - SUBJECT ADDED ENTRY--TOPICAL TERM
Source of heading or term Banking and Finance
942 ## - ADDED ENTRY ELEMENTS (KOHA)
Source of classification or shelving scheme Library of Congress Classification
Koha item type Books
Suppress in OPAC No
999 ## -
-- 2847
-- 2847
Holdings
Withdrawn status Lost status Source of classification or shelving scheme Damaged status Not for loan Collection Home library Current library Shelving location Date acquired Total checkouts Full call number Barcode Date last seen Copy number Price effective from Koha item type
    Library of Congress Classification     Non-fiction Business Library (Miotso) Business Library (Miotso) General stacks 01/22/2025   HG1615 GAN BSSM00000582 01/22/2025 1 01/22/2025 Books
    Library of Congress Classification     Non-fiction Business Library (Miotso) Business Library (Miotso) General stacks 03/11/2026   HG1615 GAN BSSM00002497 03/11/2026 2 03/11/2026 Books
    Library of Congress Classification     Non-fiction Business Library (Miotso) Business Library (Miotso) General stacks 03/11/2026   HG1615 GAN BSSM00002498 03/11/2026 3 03/11/2026 Books
© 2023-2024 Copyright: Central University Libraries. All Rights Reserved | Created by: Mahone Tech Office